Propuesta para determinar el potencial agroturistico en la zona de Florencia de Turrialba, Cartago (Registro nro. 13171)
[ vista simple ]
| 000 -LEADER | |
|---|---|
| fixed length control field | 00607nam a22002177a 4500 |
| 005 - DATE AND TIME OF LATEST TRANSACTION | |
| control field | 20210922114936.0 |
| 008 - FIXED-LENGTH DATA ELEMENTS--GENERAL INFORMATION | |
| fixed length control field | 210922b xxu||||| |||| 00| 0 spa d |
| 041 ## - LANGUAGE CODE | |
| Language code of text/sound track or separate title | eng |
| 082 ## - DEWEY DECIMAL CLASSIFICATION NUMBER | |
| Classification number | TU 146 |
| 100 ## - MAIN ENTRY--AUTHOR NAME | |
| Personal name | Otárola Murillo, Fanny |
| 245 ## - TITLE STATEMENT | |
| Title | Propuesta para determinar el potencial agroturistico en la zona de Florencia de Turrialba, Cartago |
| 260 ## - PUBLICATION, DISTRIBUTION, ETC. (IMPRINT) | |
| Year of publication | Costa Rica |
| 260 ## - PUBLICATION, DISTRIBUTION, ETC. (IMPRINT) | |
| Year of publication | 2021 |
| 650 ## - SUBJECT ADDED ENTRY--TOPICAL TERM | |
| Topical Term | TURISMO |
| 650 ## - SUBJECT ADDED ENTRY--TOPICAL TERM | |
| Topical Term | AGROTURISMO |
| 650 ## - SUBJECT ADDED ENTRY--TOPICAL TERM | |
| Topical Term | TURISMO NACIONAL |
| 650 ## - SUBJECT ADDED ENTRY--TOPICAL TERM | |
| Topical Term | FLORENCIA |
| 650 ## - SUBJECT ADDED ENTRY--TOPICAL TERM | |
| Topical Term | TURRIALBA |
| 650 ## - SUBJECT ADDED ENTRY--TOPICAL TERM | |
| Topical Term | CARTAGO |
| 942 ## - ADDED ENTRY ELEMENTS (KOHA) | |
| Tipo de ítem | Informe de Práctica |
| Withdrawn status | Estado | Estado físico | Not for loan | Total Checkouts | Clasificación | Número de inscripción | Date last seen | Tipo de ítem |
|---|---|---|---|---|---|---|---|---|
| TU 146 | TU146 | 22/09/2021 | Informe de Práctica |